All Time Leader in Threes by Every NBA Team - Statistics

General Stats
  • This quiz has been taken 100 times
    47 since last reset
  • The average score is 16 of 30
Answer Stats
Threes Teams Answer % Correct
3,919 Golden State Warriors Stephen Curry
100%
2,387 Portland Trail Blazers Damian Lillard
98%
1,251 Cleveland Cavaliers LeBron James
95%
1,982 Dallas Mavericks Dirk Nowitzki
93%
2,029 Houston Rockets James Harden
93%
2,560 Indiana Pacers Reggie Miller
93%
1,827 Los Angeles Lakers Kobe Bryant
86%
1,143 Oklahoma City Thunder Kevin Durant
81%
1,823 Boston Celtics Paul Pierce
79%
1,495 San Antonio Spurs Manu Ginóbili
76%
1,360 Phoenix Suns Devin Booker
74%
1,518 Toronto Raptors Kyle Lowry
71%
1,514 Washington Wizards Bradley Beal
69%
1,283 Charlotte Hornets Kemba Walker
60%
1,079 Denver Nuggets Jamal Murray
57%
1,382 Milwaukee Bucks Khris Middleton
55%
996 Minnesota Timberwolves Anthony Edwards
50%
1,086 Memphis Grizzlies Mike Conley
45%
885 Philadelphia 76ers Allen Iverson
43%
842 Brooklyn Nets Jason Kidd
36%
1,129 Miami Heat Duncan Robinson
26%
990 Detroit Pistons Joe Dumars
26%
1,248 Sacramento Kings Buddy Hield
17%
982 New York Knicks John Starks
17%
628 New Orleans Pelicans Jrue Holiday
17%
1,071 Utah Jazz Joe Ingles
14%
981 Orlando Magic Dennis Scott
5%
1,049 Chicago Bulls Kirk Hinrich
5%
1,050 Atlanta Hawks Mookie Blaylock
2%
738 Los Angeles Clippers Eric Piatkowski
0%
No matching quizzes found
Score Distribution
Percent of People with Each Score
Percentile by Number Answered
Your Score History
You have not taken this quiz since the last reset